[Event "Steyr Landesliga 2122"]
[Site "Austria"]
[Date "2022.01.15"]
[Round "3.8"]
[White "Schweigler, Jonas"]
[Black "Trummer, Alexander"]
[Result "0-1"]
[WhiteElo "872"]
[BlackElo "1625"]
[PlyCount "37"]
[EventDate "2021.10.16"]
[EventType "team-tourn"]
[EventRounds "11"]
[EventCountry "AUT"]
[SourceTitle "EXT 2023"]
[Source "ChessBase"]
[SourceDate "2022.10.05"]
[SourceVersion "1"]
[SourceVersionDate "2022.10.05"]
[SourceQuality "1"]
[WhiteTeam "Feldbach Kirchberg"]
[BlackTeam "Graz Schachfreunde"]
[WhiteTeamCountry "AUT"]
[BlackTeamCountry "AUT"]

1. d4 Nf6 2. Bf4 g6 3. Nf3 Bg7 4. Nbd2 0-0 5. e3 d6 6. c3 Nbd7 7. Bd3 Re8 8. Qc2 e5 9. dxe5 dxe5 10. Bg3 Nc5 11. Nxe5 Rxe5 12. Bxe5 Nxd3+ 13. Ke2 Nxe5 14. Qb3 Qd3+ 15. Ke1 Bg4 16. f3 Qxe3+ 17. Kd1 Rd8 18. Qc2 Bf5 19. Qc1 0-1

[Event "EU Union-ch U12 17th"]
[Site "Mureck"]
[Date "2019.08.08"]
[Round "9"]
[White "Trummer, Alexander"]
[Black "Gerard, Francois"]
[Result "1-0"]
[WhiteElo "1515"]
[BlackElo "1247"]
[PlyCount "83"]
[EventDate "2019.07.31"]
[EventType "swiss"]
[EventRounds "9"]
[EventCountry "AUT"]
[SourceTitle "EXT 2020"]
[Source "ChessBase"]
[SourceDate "2019.10.17"]
[SourceVersion "1"]
[SourceVersionDate "2019.10.17"]
[SourceQuality "1"]

1. e4 e5 2. Bc4 Nf6 3. Nc3 Bc5 4. Nf3 Nc6 5. d3 h6 6. Be3 Bxe3 7. fxe3 Qe7 8. 0-0 0-0 9. Nh4 d6 10. Ng6 Qd8 11. Nxf8 Bg4 12. Qe1 Qxf8 13. Nd5 Nxd5 14. Bxd5 Nd8 15. Qh4 Be6 16. Bxe6 Nxe6 17. Rf3 Qd8 18. Qxd8+ Rxd8 19. Raf1 Rd7 20. Rg3 Re7 21. Kf2 a5 22. a3 b5 23. Ke2 Rd7 24. b3 c6 25. c3 c5 26. Rb1 Ra7 27. Kd2 b4 28. a4 Rc7 29. Rf3 Kf8 30. Rff1 Ke8 31. h4 Kd8 32. g3 Kc8 33. cxb4 cxb4 34. Rfc1 Nc5 35. Rc4 Kd7 36. Kc2 Kd8 37. Rf1 Ke8 38. d4 exd4 39. exd4 Ne6 40. Rxc7 Nxc7 41. Rf5 Ne6 42. Kd3 1-0

[Event "EU Union-ch U12 17th"]
[Site "Mureck"]
[Date "2019.07.31"]
[Round "1"]
[White "Doersieb, Bianca"]
[Black "Trummer, Alexander"]
[Result "0-1"]
[WhiteElo "901"]
[BlackElo "1515"]
[PlyCount "78"]
[EventDate "2019.07.31"]
[EventType "swiss"]
[EventRounds "9"]
[EventCountry "AUT"]
[SourceTitle "EXT 2020"]
[Source "ChessBase"]
[SourceDate "2019.10.17"]
[SourceVersion "1"]
[SourceVersionDate "2019.10.17"]
[SourceQuality "1"]

1. e4 e5 2. Nf3 Nc6 3. Bc4 Bc5 4. 0-0 Nf6 5. Nc3 d6 6. d3 Bg4 7. h3 Bh5 8. Bg5 h6 9. Bh4 g5 10. Bg3 Nd4 11. Bh2 Bxf3 12. gxf3 Qd7 13. Kg2 c6 14. Rb1 Rg8 15. b4 Bb6 16. Na4 Bc7 17. c3 Ne6 18. b5 Nh5 19. bxc6 Nef4+ 20. Kh1 bxc6 21. Rg1 Nxh3 22. Rf1 N5f4 23. d4 g4 24. d5 a6 25. dxc6 Qxc6 26. Bxf4 Nxf4 27. Rg1 Qxc4 28. Nb6 Qxa2 29. Nxa8 Qxf2 30. Nxc7+ Kd7 31. Qa4+ Ke7 32. Nd5+ Nxd5 33. Rb7+ Kf6 34. Rg2 Qf1+ 35. Kh2 g3+ 36. Rxg3 Qf2+ 37. Kh1 Qe1+ 38. Kg2 Rxg3+ 39. Kh2 Qg1# 0-1

[Event "AUT-ch U12"]
[Site "St Veit"]
[Date "2019.06.11"]
[Round "7.2"]
[White "Gschiel, Alexander"]
[Black "Trummer, Alexander"]
[Result "1-0"]
[WhiteElo "1757"]
[BlackElo "1463"]
[PlyCount "131"]
[EventDate "2019.06.08"]
[EventType "swiss"]
[EventRounds "7"]
[EventCountry "AUT"]
[SourceTitle "EXT 2024"]
[Source "ChessBase"]
[SourceDate "2023.10.10"]
[SourceVersion "1"]
[SourceVersionDate "2023.10.10"]
[SourceQuality "1"]

1. Nf3 d5 2. b3 Nf6 3. Bb2 Bf5 4. e3 e6 5. c4 c6 6. Be2 Be7 7. 0-0 0-0 8. Nh4 Bg6 9. Nxg6 hxg6 10. d4 Nbd7 11. Nd2 c5 12. Nf3 Ne4 13. dxc5 dxc4 14. Bxc4 Ndxc5 15. Nd4 Nd6 16. Be2 Rc8 17. Bf3 Bf6 18. Qe2 a6 19. e4 Bxd4 20. Bxd4 Ndxe4 21. Bxg7 Kxg7 22. Bxe4 Nxe4 23. Qxe4 Qd5 24. Qxd5 exd5 25. Rfd1 Rcd8 26. g3 Rfe8 27. Rac1 Re2 28. a3 Rb2 29. Rc3 Kf6 30. b4 Ra2 31. Rf3+ Ke7 32. Re1+ Kf8 33. Rd3 Kg7 34. Re7 Ra1+ 35. Kg2 Rb8 36. Rxd5 Rxa3 37. Rdd7 Rf8 38. Rxb7 Ra4 39. h4 Kf6 40. Rec7 Kg7 41. Kh3 Ra1 42. Ra7 Ra2 43. Kg2 Ra4 44. Rcb7 Kh6 45. Rb6 Kg7 46. Raxa6 Rxa6 47. Rxa6 Rb8 48. Ra4 Rb5 49. f3 Kh6 50. Kf2 f5 51. g4 fxg4 52. fxg4 g5 53. h5 Rb8 54. Ke3 Rf8 55. b5 Rb8 56. Ra6+ Kh7 57. b6 Kh8 58. Ke4 Re8+ 59. Kf5 Rg8 60. b7 Kh7 61. Ra8 Rg7 62. b8Q Rf7+ 63. Kxg5 Rf8 64. Qb1+ Kg7 65. Qg6+ Kh8 66. Rxf8# 1-0

[Event "EU Union-ch U12 16th"]
[Site "Mureck"]
[Date "2018.08.07"]
[Round "7"]
[White "Trummer, Alexander"]
[Black "Hoffmann, Kay"]
[Result "1/2-1/2"]
[WhiteElo "982"]
[BlackElo "1388"]
[PlyCount "62"]
[EventDate "2018.08.01"]
[EventType "swiss"]
[EventRounds "9"]
[EventCountry "AUT"]
[SourceTitle "CBM 186 Extra"]
[Source "ChessBase"]
[SourceDate "2018.08.24"]
[SourceVersion "1"]
[SourceVersionDate "2018.08.24"]
[SourceQuality "1"]

1. e4 d5 2. exd5 Qxd5 3. Nc3 Qd6 4. d4 Nf6 5. Nf3 a6 6. g3 Bf5 7. Bg2 Nc6 8. 0-0 e6 9. Bf4 Qd8 10. Re1 Be7 11. Qd2 0-0 12. Rad1 Nb4 13. Rc1 Nbd5 14. Be5 Qd7 15. Nh4 Bg6 16. Nxg6 hxg6 17. Nxd5 Nxd5 18. a3 Rab8 19. c4 Nb6 20. Red1 Rfd8 21. d5 exd5 22. cxd5 Bd6 23. Bxd6 Qxd6 24. Qc2 Rbc8 25. Bh3 Rb8 26. Bg2 Rd7 27. Qc5 Qxc5 28. Rxc5 Na4 29. Rc2 Rbd8 30. Rdc1 b5 31. b3 Nb6 1/2-1/2

[Event "EU Union-ch U12 16th"]
[Site "Mureck"]
[Date "2018.08.01"]
[Round "1"]
[White "Gschiel, Alexander"]
[Black "Trummer, Alexander"]
[Result "1-0"]
[WhiteElo "1531"]
[BlackElo "982"]
[PlyCount "49"]
[EventDate "2018.08.01"]
[EventType "swiss"]
[EventRounds "9"]
[EventCountry "AUT"]
[SourceTitle "CBM 186 Extra"]
[Source "ChessBase"]
[SourceDate "2018.08.24"]
[SourceVersion "1"]
[SourceVersionDate "2018.08.24"]
[SourceQuality "1"]

1. d4 Nf6 2. Nf3 d5 3. g3 Bf5 4. Bg2 e6 5. 0-0 Nbd7 6. c4 c5 7. Nc3 Be7 8. Bf4 0-0 9. Rc1 Rc8 10. cxd5 exd5 11. Nh4 Be6 12. Nb5 a6 13. Nd6 Bxd6 14. Bxd6 Re8 15. dxc5 Rc6 16. Qc2 b6 17. b4 Bg4 18. f3 Re6 19. fxg4 Rexd6 20. Nf5 Re6 21. Nd4 Nxg4 22. Nxc6 Rxc6 23. Bxd5 Ne3 24. Qd3 Nxf1 25. Bxc6 1-0

[Event "Styrian op U08/10 23nd"]
[Site "Mureck"]
[Date "2016.08.11"]
[Round "9.2"]
[White "Engelmaier, Andrej"]
[Black "Trummer, Alexander"]
[Result "1-0"]
[WhiteElo "886"]
[BlackElo "960"]
[PlyCount "31"]
[EventDate "2016.08.03"]
[EventType "swiss"]
[EventRounds "9"]
[EventCountry "AUT"]
[SourceTitle "EXT 2024"]
[Source "ChessBase"]
[SourceDate "2023.10.10"]
[SourceVersion "1"]
[SourceVersionDate "2023.10.10"]
[SourceQuality "1"]

1. e4 e5 2. Nf3 Nc6 3. d4 d6 4. d5 Nce7 5. Nc3 Nf6 6. Bd3 Bd7 7. 0-0 Ng6 8. Be3 Be7 9. h3 0-0 10. Qe2 a6 11. b3 Qc8 12. a4 Nf4 13. Bxf4 exf4 14. e5 Ne8 15. Qe4 dxe5 16. Qxh7# 1-0

[Event "Styrian op U08/10 23nd"]
[Site "Mureck"]
[Date "2016.08.07"]
[Round "5.6"]
[White "Klopf, Michael"]
[Black "Trummer, Alexander"]
[Result "1-0"]
[WhiteElo "803"]
[BlackElo "960"]
[PlyCount "69"]
[EventDate "2016.08.03"]
[EventType "swiss"]
[EventRounds "9"]
[EventCountry "AUT"]
[SourceTitle "EXT 2024"]
[Source "ChessBase"]
[SourceDate "2023.10.10"]
[SourceVersion "1"]
[SourceVersionDate "2023.10.10"]
[SourceQuality "1"]

1. e4 e5 2. Nf3 Nc6 3. Bc4 Nf6 4. Nc3 Nxe4 5. Nxe4 d5 6. Bxd5 Qxd5 7. Nc3 Qd8 8. d3 Bg4 9. h3 Be6 10. Be3 Bb4 11. a3 Bxc3+ 12. bxc3 0-0 13. 0-0 Qf6 14. d4 e4 15. Ng5 Bf5 16. f3 exf3 17. Qxf3 g6 18. Ne4 Qe6 19. Ng5 Qd7 20. Qg3 Bxc2 21. Qh4 h5 22. Nf3 Rfe8 23. Bh6 Ne7 24. Qf6 Nf5 25. Nh4 Nxh6 26. Qg5 Kg7 27. Qf6+ Kf8 28. Rae1 Re4 29. Nf3 Qf5 30. Qh8+ Ng8 31. Ne5 Rxe1 32. Rxe1 Rd8 33. Rf1 Qg5 34. Rxf7+ Ke8 35. Qxg8# 1-0